00692nam a2200229Ia 4500003000900000008004100009040001300050040001300063041000800076100001800084245006300102250000900165260001800174260000900192300001100201300001000212490000800222490000700230942000700237999001700244952020100261IT-RoPAU120407s9999 xx 000 0 und d aIT-RoPAU cIT-RoPAU aita aGiorgio Penzo aIl potere. Saggi di filosofia sociale e politica. AA. VV. aRoma aCittà Nuova c1085 a194 p. c18 cm aIde v69 cBK c28088d28088 00102ddc406040_11690000000000071aPAULUSbPAULUSd2012-04-11l0o040.1169r2012-04-11 00:00:00w2012-04-11yBKzInserito da: Mario In data: 19 settembre 2011 fondo: Via A.Severo 56 Progr:13891